[Event "XVI Memorial Edoardo Crespi Magistrale"]
[Site "Milano ITA"]
[Date "1995.12.??"]
[Round "5"]
[White "Lanzani, Mario"]
[Black "Sartori, Spartaco"]
[Result "1/2-1/2"]
[WhiteElo "2330"]
[BlackElo "2270"]
[PlyCount "83"]
[EventDate "1995.12.07"]

1. e4 e6 2. d4 d5 3. Nc3 Bb4 4. exd5 exd5 5. Bd3 Nc6 6. a3 Bxc3+ 7. bxc3 Nge7
8. Qf3 Be6 9. Rb1 b6 10. Nh3 Qd7 11. Ng5 Bf5 12. g4 Bg6 13. h4 O-O-O 14. Bxg6
fxg6 15. Qg3 h6 16. Nf3 Rde8 17. Kf1 h5 18. Rg1 Rhf8 19. Bf4 hxg4 20. Qxg4 Rf5
21. Ne5 Nxe5 22. Bxe5 Nc6 23. Qxg6 Nxe5 24. dxe5 Rfxe5 25. Qxg7 Qh3+ 26. Rg2
Qxc3 27. Kg1 Qxc2 28. Rf1 Qc4 29. Qg4+ Qxg4 30. Rxg4 c5 31. f4 Rf5 32. Rg7 Re4
33. Rxa7 Rexf4 34. Re1 Rg4+ 35. Kh2 Rxh4+ 36. Kg3 Re4 37. Rh1 Rg5+ 38. Kf3 Rf5+
39. Kg3 Kb8 40. Rhh7 Rg5+ 41. Kf3 Rf5+ 42. Kg3 1/2-1/2

[Event "XVI Memorial Edoardo Crespi Magistrale"]
[Site "Milano ITA"]
[Date "1995.12.??"]
[Round "5"]
[White "Marcoli, Paolo"]
[Black "Borgo, Giulio"]
[Result "0-1"]
[WhiteElo "1945"]
[BlackElo "2345"]
[PlyCount "72"]
[EventDate "1995.12.07"]

1. e4 c5 2. Nf3 Nc6 3. d4 cxd4 4. Nxd4 Nf6 5. Nc3 d6 6. f4 e5 7. Nf3 Be7 8. Bc4
exf4 9. Bxf4 O-O 10. Qe2 Ne5 11. Bd5 Ng6 12. Bd2 Nxd5 13. Nxd5 Be6 14. O-O Bxd5
15. exd5 Qb6+ 16. Be3 Qxb2 17. Bd4 Qa3 18. h4 Bxh4 19. Nxh4 Nxh4 20. Qg4 Ng6
21. Rf3 Qa4 22. Rg3 Rae8 23. c3 b6 24. Qh5 Qc2 25. Rf1 Qe2 26. Qg5 f6 27. Qf5
Qe4 28. Qh5 Nf4 29. Rxf4 Qxf4 30. Qh3 Re1+ 31. Kh2 Qc1 32. Rxg7+ Kxg7 33. Qg3+
Kh8 34. Qxd6 Qh6+ 35. Kg3 Re4 36. Kf3 Rxd4 0-1

[Event "XVI Memorial Edoardo Crespi Magistrale"]
[Site "Milano ITA"]
[Date "1995.12.??"]
[Round "5"]
[White "Mariano, Elia"]
[Black "Varini, Massimo"]
[Result "1-0"]
[WhiteElo "1717"]
[BlackElo "1974"]
[PlyCount "81"]
[EventDate "1995.12.07"]

1. d4 Nf6 2. c4 d6 3. Nc3 Nbd7 4. Nf3 g6 5. Bg5 Bg7 6. e4 O-O 7. Be2 e5 8. d5
a5 9. O-O Nc5 10. Nd2 Bd7 11. Rb1 Qe8 12. b3 h5 13. a3 Nh7 14. Be3 f5 15. f3 f4
16. Bf2 g5 17. b4 axb4 18. axb4 Na4 19. Nxa4 Rxa4 20. c5 Qg6 21. c6 Ra2 22.
cxd7 g4 23. Ra1 Rxd2 24. Qxd2 g3 25. hxg3 fxg3 26. Be3 Qf6 27. Rfc1 Qh4 28.
Rxc7 Bh6 29. Qc3 Ng5 30. Rc8 Nf7 31. Rxf8+ Bxf8 32. Ra8 Nd8 33. Bb6 Be7 34. Qc7
Qh2+ 35. Kf1 Qh1+ 36. Bg1 h4 37. Rxd8+ Kg7 38. Re8 h3 39. Rxe7+ Kh6 40. Rh7+
Kxh7 41. d8=Q+ 1-0

[Event "XVI Memorial Edoardo Crespi Magistrale"]
[Site "Milano ITA"]
[Date "1995.12.??"]
[Round "5"]
[White "Medancic, Rikard"]
[Black "Dobosz, Henryk"]
[Result "1-0"]
[WhiteElo "2340"]
[BlackElo "2420"]
[PlyCount "85"]
[EventDate "1995.12.07"]

1. d4 Nf6 2. c4 e6 3. Nc3 Bb4 4. Qc2 O-O 5. a3 Bxc3+ 6. Qxc3 b6 7. f3 d6 8. Bg5
Bb7 9. Nh3 Nbd7 10. e4 c5 11. Be2 h6 12. Be3 e5 13. d5 Kh7 14. g4 Ng8 15. g5 g6
16. gxh6 Qh4+ 17. Nf2 Nxh6 18. Qd2 f6 19. O-O-O Rg8 20. Rdg1 Nf8 21. Rg3 Bc8
22. Bf1 g5 23. Bh3 Qh5 24. Bxc8 Rxc8 25. h4 gxh4 26. Rgh3 Ng6 27. Kb1 Rcf8 28.
Qe1 Rh8 29. Bxh6 Kxh6 30. Ng4+ Kg7 31. Ne3 Kf7 32. Nf5 Rd8 33. Qd1 Kf8 34. Qa4
Qh7 35. Rg1 Rg8 36. Ka2 Qd7 37. Qd1 Qh7 38. Qc1 Qd7 39. Rg4 Ne7 40. Rxg8+ Nxg8
41. Rxh4 Qf7 42. Rh8 Rd7 43. Nh6 1-0

[Event "XVI Memorial Edoardo Crespi Magistrale"]
[Site "Milano ITA"]
[Date "1995.12.??"]
[Round "5"]
[White "Mordiglia, Riccardo"]
[Black "Zoldan, Matteo"]
[Result "0-1"]
[WhiteElo "2015"]
[BlackElo "1978"]
[PlyCount "68"]
[EventDate "1995.12.07"]

1. e4 c5 2. b4 cxb4 3. a3 bxa3 4. Nxa3 d6 5. Bc4 Nf6 6. Qe2 g6 7. Bb2 Bg7 8.
Nf3 O-O 9. h3 Nc6 10. O-O a6 11. d4 b5 12. Nxb5 Rb8 13. e5 Nh5 14. Bc1 axb5 15.
Bxb5 Qb6 16. Bxc6 Qxc6 17. g4 Bb7 18. Ra3 dxe5 19. dxe5 Ra8 20. Rb3 Ba6 21. Qe3
Bxf1 22. Kxf1 Qxc2 23. Rc3 Qb1 24. Rb3 Qc2 25. Rc3 Qd1+ 26. Kg2 Rac8 27. gxh5
Rxc3 28. Qxc3 Rd8 29. h6 Bf8 30. Qe3 Rd3 31. Qe4 Rxf3 32. Qxf3 Qxc1 33. e6 Qg5+
34. Kf1 fxe6 0-1

[Event "XVI Memorial Edoardo Crespi Magistrale"]
[Site "Milano ITA"]
[Date "1995.12.??"]
[Round "5"]
[White "Rossi, Giampiero"]
[Black "Barberi, Alessandro"]
[Result "0-1"]
[WhiteElo "2135"]
[BlackElo "2029"]
[PlyCount "93"]
[EventDate "1995.12.07"]

1. d4 Nf6 2. c4 c5 3. dxc5 e6 4. Nc3 Bxc5 5. Nf3 b6 6. e3 Bb7 7. a3 a5 8. Be2
O-O 9. O-O d5 10. cxd5 Nxd5 11. Bd2 Nf6 12. Qc2 Nbd7 13. Rfd1 Rc8 14. Rac1 Qc7
15. h3 Qb8 16. Qb1 Ne5 17. Ne1 Rcd8 18. Na4 Ne4 19. Bc3 Rxd1 20. Rxd1 Nxc3 21.
Nxc3 Rd8 22. Na4 Be7 23. Nxb6 Bxg2 24. Nxg2 Qxb6 25. Rxd8+ Bxd8 26. Qc2 g6 27.
b3 Bc7 28. a4 Qd6 29. Qd1 Qc5 30. Ne1 Qe7 31. Nf3 Nd7 32. Qd4 h5 33. Bf1 e5 34.
Qc3 Nc5 35. Nd2 e4 36. Bg2 Qd6 37. Qd4 f5 38. Qxd6 Bxd6 39. Bf1 Nd3 40. Bxd3
exd3 41. Kf1 Bb4 42. Nc4 Bc3 43. f3 Kf7 44. e4 Ke6 45. Kf2 fxe4 46. f4 Kd5 47.
Nb6+ 0-1

[Event "XVI Memorial Edoardo Crespi Magistrale"]
[Site "Milano ITA"]
[Date "1995.12.??"]
[Round "5"]
[White "Scavo, Fernando"]
[Black "Cebalo, Miso"]
[Result "0-1"]
[WhiteElo "2260"]
[BlackElo "2515"]
[PlyCount "68"]
[EventDate "1995.12.07"]

1. d4 Nf6 2. c4 e6 3. Nc3 Bb4 4. Nf3 b6 5. Qb3 a5 6. Bg5 h6 7. Bh4 Bb7 8. e3 d6
9. Bd3 Nbd7 10. a3 a4 11. Qxb4 c5 12. dxc5 dxc5 13. Qb5 Ra5 14. O-O-O Rxb5 15.
Nxb5 O-O 16. Bg3 Qa8 17. Be2 Bc6 18. Nd2 Bxg2 19. Rhg1 Bc6 20. Bd6 Rc8 21. Rg3
g6 22. Rdg1 e5 23. f4 Bxb5 24. cxb5 exf4 25. Bxf4 c4 26. Bf3 Nd5 27. Ne4 Nxf4
28. exf4 Qb8 29. Rg4 Kg7 30. Rd1 Nc5 31. Nxc5 Rxc5 32. Bc6 c3 33. Rd4 Qc8 34.
Rd7 Qe8 0-1

[Event "XVI Memorial Edoardo Crespi Magistrale"]
[Site "Milano ITA"]
[Date "1995.12.??"]
[Round "6"]
[White "Barberi, Alessandro"]
[Black "Albanesi, Roberto"]
[Result "1-0"]
[WhiteElo "2029"]
[BlackElo "2184"]
[PlyCount "121"]
[EventDate "1995.12.07"]

1. d4 Nf6 2. c4 c5 3. d5 b5 4. cxb5 a6 5. b6 Bb7 6. Nc3 g6 7. e4 d6 8. Nf3 Bg7
9. Nd2 Qxb6 10. Be2 O-O 11. Nc4 Qc7 12. h4 Nbd7 13. h5 Nb6 14. hxg6 fxg6 15.
Bh6 Bxh6 16. Rxh6 Nxc4 17. Bxc4 Qa5 18. Qf3 Bc8 19. Rh4 Ng4 20. Qg3 Nxf2 21. e5
Bg4 22. Rxg4 Nxg4 23. Qxg4 Qb4 24. Rb1 Rf5 25. e6 Raf8 26. Be2 Qxg4 27. Bxg4
Rf1+ 28. Kd2 R8f2+ 29. Be2 Rxb1 30. Nxb1 Rxg2 31. Ke3 a5 32. a4 Rg3+ 33. Bf3 h5
34. Kf4 Rg1 35. Nd2 Kg7 36. Nc4 Ra1 37. b3 Kf6 38. Nxa5 g5+ 39. Kg3 h4+ 40. Kh3
Rg1 41. Kh2 Rb1 42. Kg2 Kf5 43. Nc6 Rb2+ 44. Kg1 Kf6 45. a5 Ra2 46. Bg4 Ra3 47.
Kf2 Rxb3 48. a6 c4 49. a7 Ra3 50. Ke2 Ra2+ 51. Kd1 Kg7 52. Kc1 c3 53. Kb1 c2+
54. Kc1 Kf6 55. Bh3 Kg7 56. Nxe7 Rxa7 57. Nf5+ Kf6 58. Nxd6 Ke5 59. Nc8 Rg7 60.
d6 g4 61. e7 1-0

[Event "XVI Memorial Edoardo Crespi Magistrale"]
[Site "Milano ITA"]
[Date "1995.12.??"]
[Round "6"]
[White "Borgo, Giulio"]
[Black "Bellini, Fabio"]
[Result "0-1"]
[WhiteElo "2345"]
[BlackElo "2350"]
[PlyCount "109"]
[EventDate "1995.12.07"]

1. e4 c5 2. Nf3 e6 3. c4 Nc6 4. Nc3 Nd4 5. g3 Nxf3+ 6. Qxf3 Ne7 7. b3 Nc6 8.
Bb2 Be7 9. Bg2 Bf6 10. O-O O-O 11. Rab1 d6 12. Qd1 Rb8 13. f4 Bd4+ 14. Kh1 Bd7
15. Ne2 Bxb2 16. Rxb2 Qf6 17. d4 cxd4 18. Nxd4 Nxd4 19. Rd2 e5 20. fxe5 Qxe5
21. Rxd4 Bc6 22. Rxd6 Bxe4 23. Re1 Bxg2+ 24. Kxg2 Qc5 25. Qd5 Qb4 26. Re2 Rbe8
27. Rxe8 Rxe8 28. Rd7 Rf8 29. Rxb7 Qe1 30. Qf3 a5 31. Rd7 Qb4 32. Qd3 a4 33.
Rd8 g6 34. Qd6 Qb7+ 35. Qd5 Qe7 36. Rxf8+ Kxf8 37. Kf3 Qe1 38. Qd8+ Kg7 39.
Qd4+ Kg8 40. Qd8+ Kg7 41. Qd4+ Kg8 42. bxa4 Qf1+ 43. Ke3 Qg1+ 44. Ke4 Qxh2 45.
a5 Qg2+ 46. Ke5 Qxg3+ 47. Kd5 Qg5+ 48. Qe5 Qg2+ 49. Kd6 Qxa2 50. Qb5 h5 51. c5
Qe6+ 52. Kc7 Qe7+ 53. Kc8 h4 54. c6 h3 55. Qd5 0-1

[Event "XVI Memorial Edoardo Crespi Magistrale"]
[Site "Milano ITA"]
[Date "1995.12.??"]
[Round "6"]
[White "Bressanelli, Roberto"]
[Black "Cazzaniga, Walter"]
[Result "0-1"]
[WhiteElo "1906"]
[BlackElo "2190"]
[PlyCount "108"]
[EventDate "1995.12.07"]

1. e4 c5 2. b4 cxb4 3. a3 bxa3 4. Nxa3 d6 5. d4 e6 6. Bd3 Nc6 7. Ne2 Nf6 8. c3
Be7 9. O-O e5 10. d5 Nb8 11. Nc4 O-O 12. Be3 Na6 13. f3 Nd7 14. Qb1 Qc7 15. Ng3
Ndc5 16. Be2 Bd7 17. f4 b5 18. Nd2 exf4 19. Rxf4 Bg5 20. Qf1 Bxf4 21. Qxf4 f5
22. exf5 Rae8 23. Bd4 Rxe2 24. Qg5 Bxf5 25. Nxf5 Rxf5 26. Qxf5 Re8 27. Rf1 Qe7
28. Qb1 Nc7 29. Qa2 a6 30. Bxc5 dxc5 31. d6+ Qe6 32. c4 Qxd6 33. cxb5+ Qe6 34.
Qa5 Nxb5 35. Ra1 Qe3+ 36. Kf1 Qe2+ 37. Kg1 Qe3+ 38. Kf1 Nc3 39. Nf3 Qd3+ 40.
Kg1 Ne4 41. Re1 Qb5 42. Qa2+ c4 43. h3 h6 44. Nd2 Nxd2 45. Rxe8+ Qxe8 46. Qxd2
Qc6 47. Qc3 Qb6+ 48. Kh2 Qd6+ 49. Kg1 Qd3 50. Qb4 c3 51. Qb3+ Kh7 52. Kh2 a5
53. Qa3 Qc4 54. Qf8 c2 0-1

[Event "XVI Memorial Edoardo Crespi Magistrale"]
[Site "Milano ITA"]
[Date "1995.12.??"]
[Round "6"]
[White "Cebalo, Miso"]
[Black "Medancic, Rikard"]
[Result "1-0"]
[WhiteElo "2515"]
[BlackElo "2340"]
[PlyCount "69"]
[EventDate "1995.12.07"]

1. d4 d5 2. c4 c6 3. Nf3 Nf6 4. Nc3 e6 5. Bg5 h6 6. Bxf6 Qxf6 7. e3 Nd7 8. Bd3
g6 9. O-O Bg7 10. a3 O-O 11. Qc2 dxc4 12. Bxc4 b6 13. e4 Bb7 14. e5 Qe7 15.
Rfe1 a6 16. Ba2 Rfd8 17. Rad1 Rab8 18. h4 h5 19. Ng5 Nf8 20. Nce4 Bh6 21. Nf6+
Kh8 22. Qc1 Kg7 23. Qf4 c5 24. d5 exd5 25. Nxd5 Bxd5 26. Bxd5 Ne6 27. Bxe6 fxe6
28. Rd6 Bxg5 29. hxg5 Rf8 30. Qf6+ Qxf6 31. gxf6+ Kh6 32. Rxe6 Rfd8 33. Rc6 Kg5
34. e6 Rh8 35. e7 1-0

[Event "XVI Memorial Edoardo Crespi Magistrale"]
[Site "Milano ITA"]
[Date "1995.12.??"]
[Round "6"]
[White "Dobosz, Henryk"]
[Black "Barlocco, Carlo"]
[Result "1-0"]
[WhiteElo "2420"]
[BlackElo "2160"]
[PlyCount "99"]
[EventDate "1995.12.07"]

1. c4 e6 2. Nc3 d5 3. d4 c6 4. e3 f5 5. Bd3 Nf6 6. Qc2 a6 7. Nf3 Nbd7 8. b3 Bd6
9. Bb2 O-O 10. O-O-O Qe7 11. Kb1 b5 12. c5 Bc7 13. Ne1 Ne4 14. f3 Nxc3+ 15.
Bxc3 Nf6 16. f4 Bd7 17. Nf3 Be8 18. h3 Ne4 19. g4 Bg6 20. Be1 a5 21. a3 b4 22.
a4 Rab8 23. Kb2 Qd7 24. Rg1 Rb7 25. Qg2 Kh8 26. Nh4 Bd8 27. Nxg6+ hxg6 28. h4
Kg8 29. Rh1 Kf7 30. h5 gxh5 31. gxf5 exf5 32. Rxh5 Ke6 33. Qe2 Qf7 34. Bxe4
dxe4 35. Qa6 Qxh5 36. Qxc6+ Kf7 37. Qxb7+ Kg8 38. Qd5+ Kh7 39. Rd2 Bf6 40. Qc4
Qh3 41. Qe2 Rc8 42. Qh2 Qxh2 43. Rxh2+ Kg6 44. Bh4 Rh8 45. Rg2+ Kf7 46. Bxf6
Kxf6 47. d5 Rh3 48. d6 g5 49. fxg5+ Ke5 50. d7 1-0

[Event "XVI Memorial Edoardo Crespi Magistrale"]
[Site "Milano ITA"]
[Date "1995.12.??"]
[Round "6"]
[White "Drazic, Sinisa"]
[Black "Foisor, Ovidiu-Doru"]
[Result "1/2-1/2"]
[WhiteElo "2405"]
[BlackElo "2440"]
[PlyCount "104"]
[EventDate "1995.12.07"]

1. d4 e6 2. c4 Nf6 3. Nc3 Bb4 4. e3 b6 5. Nge2 Bb7 6. a3 Be7 7. d5 O-O 8. g3 b5
9. Nf4 bxc4 10. Bxc4 a5 11. e4 exd5 12. Nfxd5 Nxd5 13. Nxd5 Ba6 14. Bxa6 Nxa6
15. O-O Nc5 16. Bf4 d6 17. b4 Ne6 18. Be3 axb4 19. axb4 Rxa1 20. Qxa1 c6 21.
Nb6 d5 22. Rd1 d4 23. Bxd4 Nxd4 24. Qxd4 Qxd4 25. Rxd4 Rb8 26. Nd7 Rxb4 27.
Rxb4 Bxb4 28. Ne5 c5 29. Nc4 Kf8 30. f4 Ke7 31. Kf2 Bc3 32. Kf3 Bd4 33. g4 f6
34. Ke2 Kd7 35. Kd3 Kc6 36. h3 Bg1 37. Kc3 Bh2 38. f5 Bf4 39. Na3 Bc1 40. Nc4
Bf4 41. Kb3 Kb5 42. Na3+ Kc6 43. Kc2 Kd6 44. Kd3 Kc6 45. Nc4 Kb5 46. Kc3 Kc6
47. Kb3 Kb5 48. Na3+ Kc6 49. Kc4 Kd6 50. Kd3 Kc6 51. Nc4 Kb5 52. Kc3 Kc6
1/2-1/2

[Event "XVI Memorial Edoardo Crespi Magistrale"]
[Site "Milano ITA"]
[Date "1995.12.??"]
[Round "6"]
[White "Foisor, Cristina-Adela"]
[Black "Lanzani, Mario"]
[Result "1-0"]
[WhiteElo "2345"]
[BlackElo "2330"]
[PlyCount "63"]
[EventDate "1995.12.07"]

1. c4 e6 2. g3 d5 3. Bg2 Nf6 4. Nf3 Be7 5. O-O O-O 6. d4 dxc4 7. Qc2 a6 8. a4
Bd7 9. Qxc4 Bc6 10. Bg5 a5 11. Nc3 Na6 12. Bxf6 Bxf6 13. e4 Nb4 14. Rfd1 b6 15.
d5 exd5 16. exd5 Bb7 17. Rd2 Ba6 18. Qb3 Re8 19. Rad1 Qd6 20. Nd4 Bxd4 21. Rxd4
c5 22. R4d2 c4 23. Qa3 Rad8 24. h4 Nd3 25. Qxd6 Rxd6 26. Bf1 Nc5 27. Rd4 Nb3
28. Rf4 Rc8 29. Ne4 Rdd8 30. Bh3 Rb8 31. Ng5 Bc8 32. Bxc8 1-0

[Event "XVI Memorial Edoardo Crespi Magistrale"]
[Site "Milano ITA"]
[Date "1995.12.??"]
[Round "6"]
[White "Marcoli, Paolo"]
[Black "Rossi, Giampiero"]
[Result "1-0"]
[WhiteElo "1945"]
[BlackElo "2135"]
[PlyCount "67"]
[EventDate "1995.12.07"]

1. e4 c5 2. Nf3 e6 3. d4 cxd4 4. Nxd4 a6 5. f4 Ne7 6. Bd3 Nbc6 7. Nf3 g6 8. c4
Bg7 9. Nc3 O-O 10. O-O d6 11. Be3 Bd7 12. Rc1 Rb8 13. Qd2 Qc7 14. Rfd1 Rfd8 15.
Qf2 b6 16. Qh4 Re8 17. Ng5 h6 18. Nf3 f5 19. g4 Kf7 20. gxf5 exf5 21. Nd5 Qd8
22. Qf2 Nxd5 23. cxd5 Nb4 24. e5 dxe5 25. fxe5 Bxe5 26. Nxe5+ Rxe5 27. Bf4 Nxd3
28. Rxd3 Re4 29. Bxb8 Qxb8 30. d6 Bb5 31. Rc7+ Kf6 32. Re3 Qe8 33. Re7 Rg4+ 34.
Rg3 1-0

[Event "XVI Memorial Edoardo Crespi Magistrale"]
[Site "Milano ITA"]
[Date "1995.12.??"]
[Round "6"]
[White "Misiano, Franco"]
[Black "Scavo, Fernando"]
[Result "1/2-1/2"]
[WhiteElo "1984"]
[BlackElo "2260"]
[PlyCount "30"]
[EventDate "1995.12.07"]

1. e4 e6 2. d4 d5 3. Nd2 Nf6 4. e5 Nfd7 5. Bd3 c5 6. c3 Nc6 7. Ne2 cxd4 8. cxd4
f6 9. exf6 Nxf6 10. Nf3 Bd6 11. O-O O-O 12. Bg5 e5 13. dxe5 Nxe5 14. Nxe5 Bxe5
15. Qd2 Qd6 1/2-1/2

[Event "XVI Memorial Edoardo Crespi Magistrale"]
[Site "Milano ITA"]
[Date "1995.12.??"]
[Round "6"]
[White "Sartori, Spartaco"]
[Black "Bonanno, Alessandro"]
[Result "1-0"]
[WhiteElo "2270"]
[BlackElo "1950"]
[PlyCount "111"]
[EventDate "1995.12.07"]

1. c4 Nf6 2. Nc3 g6 3. e4 d6 4. d4 Bg7 5. Be2 O-O 6. Bg5 h6 7. Be3 e5 8. d5 a5
9. Qd2 Kh7 10. h4 Ng4 11. Bxg4 Bxg4 12. h5 g5 13. f3 Bd7 14. g4 Na6 15. Kf1 Nc5
16. Kg2 Qe7 17. Nge2 Rfd8 18. Ng3 f6 19. Kh3 Qe8 20. Rhd1 a4 21. Qc2 Bf8 22.
Nf5 b6 23. Kg3 Ra5 24. b4 axb3 25. axb3 Rda8 26. Rxa5 bxa5 27. Ra1 Qb8 28. Bxc5
dxc5 29. Ne3 Bd6 30. Nb5 Bxb5 31. cxb5 Qxb5 32. Qc4 Rb8 33. Ra3 Qb4 34. Qxb4
axb4 35. Ra7 Kg8 36. Kg2 Kf8 37. Kf1 Ke8 38. Ke2 Kd7 39. Kd3 Bf8 40. Kc4 Kc8
41. Ra6 Rb6 42. Rxb6 cxb6 43. Kb5 Kb7 44. Nc4 Kc7 45. Nxb6 Kb7 46. Na4 c4 47.
Kxc4 Kc7 48. Nc5 Be7 49. Nd3 Kb6 50. Nxb4 Bd6 51. Nc6 Bf8 52. Nd8 Be7 53. Ne6
Bd6 54. Ng7 Be7 55. Nf5 Bf8 56. b4 1-0

[Event "XVI Memorial Edoardo Crespi Magistrale"]
[Site "Milano ITA"]
[Date "1995.12.??"]
[Round "6"]
[White "Timpani, Nicola"]
[Black "Mariano, Elia"]
[Result "1-0"]
[WhiteElo "1900"]
[BlackElo "1717"]
[PlyCount "65"]
[EventDate "1995.12.07"]

1. e4 c6 2. Nf3 d5 3. Nc3 Bg4 4. h3 Bxf3 5. Qxf3 dxe4 6. Nxe4 Nd7 7. d4 Ngf6 8.
Bc4 e6 9. c3 Nxe4 10. Qxe4 Nf6 11. Qf3 Be7 12. O-O O-O 13. Bf4 Nd5 14. Be5 Bf6
15. Rae1 Bxe5 16. Rxe5 Qf6 17. Qg4 Qf4 18. Qe2 Rac8 19. g3 Qf6 20. f4 g6 21.
Qg4 Qg7 22. Bb3 Nb6 23. Qf3 Nd7 24. Re2 Rfd8 25. g4 b6 26. Kh2 c5 27. f5 Nf8
28. fxe6 Nxe6 29. Rxe6 fxe6 30. Bxe6+ Kh8 31. Bxc8 Rxc8 32. dxc5 Rxc5 33. Qa8+
1-0

[Event "XVI Memorial Edoardo Crespi Magistrale"]
[Site "Milano ITA"]
[Date "1995.12.??"]
[Round "6"]
[White "Varini, Massimo"]
[Black "Mordiglia, Riccardo"]
[Result "1/2-1/2"]
[WhiteElo "1974"]
[BlackElo "2015"]
[PlyCount "50"]
[EventDate "1995.12.07"]

1. Nf3 g6 2. e4 Bg7 3. d4 d6 4. Bc4 Nf6 5. Nc3 O-O 6. h3 c6 7. a4 a5 8. O-O
Nbd7 9. Qe2 e5 10. dxe5 dxe5 11. Rd1 Qc7 12. Be3 Nh5 13. Bb3 Nf4 14. Qc4 Nb6
15. Qc5 Nd7 16. Qc4 Ne6 17. Ng5 Nb6 18. Nxe6 Bxe6 19. Qc5 Bxb3 20. Qxb6 Qxb6
21. Bxb6 Be6 22. Rd3 Bf6 23. Rad1 Be7 24. Ne2 Rfc8 25. Be3 Rd8 1/2-1/2

[Event "XVI Memorial Edoardo Crespi Magistrale"]
[Site "Milano ITA"]
[Date "1995.12.??"]
[Round "6"]
[White "Zoldan, Matteo"]
[Black "Dorighet, Claudio"]
[Result "1-0"]
[WhiteElo "1978"]
[BlackElo "1714"]
[PlyCount "87"]
[EventDate "1995.12.07"]

1. e4 c5 2. Nf3 d6 3. d4 cxd4 4. Nxd4 Nf6 5. Nc3 g6 6. Be3 Bg7 7. f3 Nc6 8. Qd2
O-O 9. Bc4 Bd7 10. O-O-O Ne5 11. Bb3 Qa5 12. h4 Rfc8 13. Kb1 b5 14. Ncxb5 Qxd2
15. Bxd2 Rab8 16. Nc3 Be8 17. Nce2 Nfd7 18. Bc3 Nb6 19. Rhe1 Nbc4 20. Nc1 a5
21. Bxc4 Nxc4 22. Nce2 Ne3 23. Rd3 Nxg2 24. Rg1 Nf4 25. Nxf4 Rxc3 26. Rxc3 Bxd4
27. Ne2 Bxc3 28. Nxc3 Bd7 29. Rd1 Be6 30. Nd5 Kf8 31. Rd4 Rb5 32. a4 Rc5 33. c3
Bxd5 34. exd5 f5 35. Kc2 Ke8 36. Kd3 Kd7 37. b4 Rc8 38. Rc4 Rb8 39. Kd4 e5+ 40.
dxe6+ Kxe6 41. b5 f4 42. Rc6 h6 43. c4 Kd7 44. Kd5 1-0

[Event "XVI Memorial Edoardo Crespi Magistrale"]
[Site "Milano ITA"]
[Date "1995.12.??"]
[Round "7"]
[White "Albanesi, Roberto"]
[Black "Bonanno, Alessandro"]
[Result "1/2-1/2"]
[WhiteElo "2184"]
[BlackElo "1950"]
[PlyCount "31"]
[EventDate "1995.12.07"]

1. e4 c5 2. Nc3 Nc6 3. f4 d6 4. Nf3 g6 5. Bc4 e6 6. f5 gxf5 7. d3 Bh6 8. O-O f4
9. Qe1 Bd7 10. e5 d5 11. Bb5 Nge7 12. Qh4 Nf5 13. Qh5 Rg8 14. Bxc6 Bxc6 15. Ne2
Qe7 16. Nxf4 1/2-1/2

[Event "XVI Memorial Edoardo Crespi Magistrale"]
[Site "Milano ITA"]
[Date "1995.12.??"]
[Round "7"]
[White "Bellini, Fabio"]
[Black "Foisor, Cristina-Adela"]
[Result "1/2-1/2"]
[WhiteElo "2350"]
[BlackElo "2345"]
[PlyCount "155"]
[EventDate "1995.12.07"]

1. e4 e5 2. Nf3 Nc6 3. Bc4 Bc5 4. c3 Nf6 5. d3 a6 6. O-O Ba7 7. Re1 d6 8. Bb3
h6 9. Be3 Bxe3 10. fxe3 Be6 11. Nbd2 O-O 12. Bc2 Ne7 13. d4 Ng6 14. a4 a5 15.
Bd3 c6 16. Qc2 Qc7 17. h3 Bd7 18. Rf1 b5 19. c4 b4 20. c5 exd4 21. exd4 dxc5
22. e5 Nd5 23. Qxc5 Ngf4 24. Be4 Ne3 25. Rf2 Bxh3 26. Ne1 Ne6 27. Qxc6 Qxc6 28.
Bxc6 Rac8 29. Re2 Nf5 30. gxh3 Nfxd4 31. Bb5 Nxe2+ 32. Bxe2 Nf4 33. Bb5 Nxh3+
34. Kh2 Ng5 35. Nc4 Rfd8 36. Nxa5 Rd2+ 37. Kg3 Rxb2 38. Nc6 Kh7 39. Nd3 Rb3 40.
Ncxb4 Rcc3 41. Kg2 Ne6 42. Rf1 Kg8 43. Be8 Ng5 44. Rd1 Kf8 45. Bb5 Ne6 46. Kf2
Nd4 47. Ke1 g5 48. Kd2 Nf3+ 49. Ke3 Nxe5 50. Kd4 Nf3+ 51. Kd5 g4 52. Ke4 Ng5+
53. Kf5 g3 54. Rg1 Ne6 55. Kg4 Nd4 56. Rxg3 Nxb5 57. axb5 Rc4+ 58. Kh3 Rcxb4
59. Nxb4 Rxb4 60. Ra3 Rxb5 61. Ra8+ Kg7 62. Kg4 f6 63. Rc8 h5+ 64. Kh4 Rd5 65.
Ra8 Kg6 66. Rg8+ Kf5 67. Ra8 Rd1 68. Rb8 Rh1+ 69. Kg3 Re1 70. Kh4 Kf4 71. Kxh5
f5 72. Rb4+ Re4 73. Rb3 Re3 74. Rb4+ Kg3 75. Kg5 Rf3 76. Rb1 Rf2 77. Rb3+ Kg2
78. Rb4 1/2-1/2

[Event "XVI Memorial Edoardo Crespi Magistrale"]
[Site "Milano ITA"]
[Date "1995.12.??"]
[Round "7"]
[White "Cappello, Guido"]
[Black "Dobosz, Henryk"]
[Result "1-0"]
[WhiteElo "2235"]
[BlackElo "2420"]
[PlyCount "91"]
[EventDate "1995.12.07"]

1. e4 e6 2. d4 d5 3. Nd2 c5 4. Ngf3 cxd4 5. Bb5+ Nc6 6. O-O Nf6 7. e5 Nd7 8.
Re1 a6 9. Bxc6 bxc6 10. Nxd4 c5 11. N4f3 Be7 12. Nf1 Nf8 13. c3 Ng6 14. b4 O-O
15. bxc5 Bxc5 16. Bg5 Qc7 17. Qd2 Re8 18. h4 h6 19. Bxh6 gxh6 20. Qxh6 Bf8 21.
Qg5 Qe7 22. Qg4 Bg7 23. h5 Nxe5 24. Nxe5 Qf6 25. Rab1 Qf5 26. Qa4 Rf8 27. Ng3
Qg5 28. Rb4 f5 29. Qc6 Ra7 30. Ng6 Bd7 31. Qc5 Rfa8 32. Qd6 Kh7 33. Rb8 Bc8 34.
Rxa8 Rxa8 35. Qc7 Qd2 36. Rb1 Qxc3 37. Qf7 Qf6 38. Qc7 Qc3 39. Qf7 Qf6 40. Qc7
e5 41. Rb6 Be6 42. Qc6 f4 43. Nf1 Bg4 44. Qxf6 Bxf6 45. Rxf6 Re8 46. Nf8+ 1-0

[Event "XVI Memorial Edoardo Crespi Magistrale"]
[Site "Milano ITA"]
[Date "1995.12.??"]
[Round "7"]
[White "Cazzaniga, Walter"]
[Black "Marcoli, Paolo"]
[Result "0-1"]
[WhiteElo "2190"]
[BlackElo "1945"]
[PlyCount "112"]
[EventDate "1995.12.07"]

1. d4 Nf6 2. c4 g6 3. Nc3 Bg7 4. e4 d6 5. f3 O-O 6. Be3 e5 7. Nge2 c6 8. Qd2
Nbd7 9. O-O-O a6 10. Bh6 b5 11. Bxg7 Kxg7 12. c5 Qa5 13. cxd6 b4 14. Nb1 c5 15.
dxe5 Nxe5 16. Nf4 Qxa2 17. Nd5 Nc4 18. Bxc4 Qxc4+ 19. Qc2 Qxc2+ 20. Kxc2 Nxd5
21. Rxd5 Be6 22. Rxc5 Rac8 23. Rxc8 Rxc8+ 24. Kd3 Bc4+ 25. Ke3 Bb5 26. Nd2 Rc2
27. Rb1 Kf6 28. f4 Ke6 29. e5 f6 30. Nf3 Re2+ 31. Kd4 Rxg2 32. exf6 Kxf6 33.
Re1 Rxb2 34. Kd5 Be2 35. Nd4 Bg4 36. Ra1 Rxh2 37. Rxa6 b3 38. Rb6 b2 39. Kc6
Rd2 40. Kc5 h5 41. d7+ Ke7 42. Nc6+ Kxd7 43. Ne5+ Kd8 44. Nc4 Rc2 45. Kd4 Kc7
46. Rxb2 Rxb2 47. Nxb2 Be2 48. Ke3 Bb5 49. Nd1 Kd6 50. Kf3 Kd5 51. Ne3+ Kd4 52.
f5 g5 53. f6 Bc6+ 54. Kg3 Be8 55. Ng4 Kd5 56. Ne3+ Ke6 0-1

[Event "XVI Memorial Edoardo Crespi Magistrale"]
[Site "Milano ITA"]
[Date "1995.12.??"]
[Round "7"]
[White "Mariano, Elia"]
[Black "Zoldan, Matteo"]
[Result "1/2-1/2"]
[WhiteElo "1717"]
[BlackElo "1978"]
[PlyCount "42"]
[EventDate "1995.12.07"]

1. d4 Nf6 2. c4 g6 3. Nc3 Bg7 4. e4 d6 5. Nf3 O-O 6. Be2 e5 7. d5 a5 8. Bg5 h6
9. Bh4 Na6 10. O-O Qe8 11. Rb1 Bd7 12. b3 Nh7 13. Nd2 h5 14. f3 Bh6 15. Bf2 Qe7
16. Re1 h4 17. a3 Bf4 18. Bf1 f5 19. b4 axb4 20. axb4 Qg5 21. Re2 Qh6 1/2-1/2